Central Library OPAC University of Rajshahi

The Reformation era, 1500-1650 / (Record no. 18448)

MARC details
000 -LEADER
fixed length control field 00729nam a22002531 4500
001 - CONTROL NUMBER
control field 18448
003 - CONTROL NUMBER IDENTIFIER
rucl marc code BD-RjUL
005 - DATE AND TIME OF LATEST TRANSACTION
control field 20211209000303.0
008 - FIXED-LENGTH DATA ELEMENTS--GENERAL INFORMATION
fixed length control field 140220r19611954nyub b 001 0 eng
035 ## - SYSTEM CONTROL NUMBER
System control number (BD-RjUL)18506
System control number (OCoLC)661513
040 ## - CATALOGING SOURCE
Original cataloging agency DLC
Transcribing agency OClU
Modifying agency BD-RjUL
Language of cataloging eng
041 ## - LANGUAGE CODE
Language code of text/sound track or separate title eng
082 ## - DEWEY DECIMAL CLASSIFICATION NUMBER
Classification number 270.6
Author mark and year GRR 1961
100 1# - MAIN ENTRY--PERSONAL NAME
Personal name Grimm, Harold John
Dates associated with a name 1901-
9 (RLIN) 56848
245 14 - TITLE STATEMENT
Title The Reformation era, 1500-1650 /
Statement of responsibility, etc. Harold John Grimm
260 ## - PUBLICATION, DISTRIBUTION, ETC. (IMPRINT)
Place of publication, distribution, etc. New York :
Name of publisher, distributor, etc. Macmillan,
Date of publication, distribution, etc. c1954 [Printing 1956, 1961].
300 ## - PHYSICAL DESCRIPTION
Pagination xiii, 675 p. :
Illustrations ill. ;
Size 22 cm.
504 ## - BIBLIOGRAPHY, ETC. NOTE
Bibliography, etc Includes bibliographical and index.
650 #0 - SUBJECT ADDED ENTRY--TOPICAL TERM
Topical term or geographic name as entry element Reformation.
9 (RLIN) 558
942 ## - ADDED ENTRY ELEMENTS (KOHA)
Source of classification or shelving scheme Dewey Decimal Classification
Koha item type Books
Holdings
Lost status Source of classification or shelving scheme Damaged status Not for loan Collection code Permanent Location Current Location Shelving location Date acquired Source of acquisition Cost, normal purchase price Total Checkouts Full call number Date last seen Copy number Koha item type Total Renewals Date checked out
  Dewey Decimal Classification     Non-fiction Central Library, University of Rajshahi Central Library, University of Rajshahi   05/02/2063 Zetlinger 51.00   270.6 GRR 1961 20/02/2014 C-5 Books    
  Dewey Decimal Classification     Non-fiction Central Library, University of Rajshahi Central Library, University of Rajshahi   05/02/1963 Zitlinger 5.00   270.6 GRR 1961 15/03/2014 C-3 Books    
  Dewey Decimal Classification     Non-fiction Central Library, University of Rajshahi Central Library, University of Rajshahi   05/02/1963 zeithinger 5.00 9 270.6 GRR 1961 25/07/2016 C-4 Books 2 13/07/2016
  Dewey Decimal Classification   Added to bundle Non-fiction Central Library, University of Rajshahi Central Library, University of Rajshahi Reading Room 12/04/1957 MAHBOOB BROUTHER 6.50   270.6 GRR 1956 25/03/2014 C-1 Books    
  Dewey Decimal Classification     Non-fiction Central Library, University of Rajshahi Central Library, University of Rajshahi   05/02/1963 Zeithlinger. 51.00   270.6 GRR 1961 30/01/2017 C-2 Books